Oslo - Culture générale - Statistiques

Statistiques générales
  • Ce quiz a été pris 550 fois
  • Le résultat moyen est 8 sur 15
Statistiques - réponses
Information Réponse % Correct
Peuple dont leur bateaux sont exposés dans un célèbre musée Vikings
91%
Mer sur laquelle débouche ce bras de mer Mer du Nord
87%
Événement mondial tenu à Oslo en 1952 Jeux Olympiques d'hiver
86%
Résultat de décisions sensées mener à une paix durable entre Israël et Palestine {Accords} d'Oslo
81%
Prix Nobel décerné ici Paix
80%
Peintre expressionniste connu pour Le Cri Edvard Munch
78%
Désastre qui détruisit la ville en 1624 Incendie
68%
Continent pour lequel Roald Amundsen embarqua d'Oslo le 3 juin 1910 Antarctique
66%
Bassin d'eau au nom norvégien qui relie le port à la mer {Fjord} d'Oslo
49%
Sport qui se pratique du haut du Holmenkollen Saut à ski
41%
Plus grand bâtiment culturel de Norvège bâti en 2008 Opéra d'Oslo
29%
Roi légendaire qui aurait fondé la ville au 11ème siècle Harald III
26%
Selon plusieurs études, Oslo serait l'une des villes les plus __ du monde Chère
24%
Ancien nom d'Oslo (jusqu'en 1924) Christiania
22%
Région (Landsel) où se trouve la ville {Øst}landet
6%
Aucun quiz correspondant
Distribution des résultats
% des personnes avec chaque résultat
Percentile par nombre de réponses
Votre historique - résultats
Vous n’avez pas pris ce quiz